LEADER 00748nam0-2200301---450- 001 990008573930403321 005 20080512110751.0 035 $a000857393 035 $aFED01000857393 035 $a(Aleph)000857393FED01 035 $a000857393 100 $a20071030d1994----km-y0itay50------ba 101 0 $afre 102 $aFR 105 $aa-------001yy 200 1 $aAmérique du nord 210 $aPoitiers$c[s. n.]$d1994 215 $a200 p.$cill.$d24 cm 225 1 $aNorois$v161 610 0 $aCanada 610 0 $aStati Uniti 801 0$aIT$bUNINA$gRICA$2UNIMARC 901 $aBK 912 $a990008573930403321 952 $aPeriod.047(161)$bNBG s.i.$fILFGE 959 $aILFGE 996 $aAmérique du nord$9711159 997 $aUNINA LEADER 00881nam0-22003131i-450 001 990005888490403321 005 20170329155655.0 010 $a1-898577-05-6 035 $a000588849 035 $aFED01000588849 035 $a(Aleph)000588849FED01 035 $a000588849 100 $a20000301d1998----km-y0itay50------ba 101 0 $aeng 102 $aGB 105 $ay-------001yy 200 1 $aGrey in old english$ean interdisciplinary semantic study$fC. P. Biggam 210 $aLondon$cRunetree press$d1998 215 $a363 p.$d25 cm 610 0 $aLingua inglese$aLessico 676 $a428.1 700 1$aBiggam,$bC. P.$f<1946- ;$gCarole Patricia>$0740420 801 0$aIT$bUNINA$gRICA$2UNIMARC 901 $aBK 912 $a990005888490403321 952 $a428.1 BIG 1$bBibl.32249$fFLFBC 959 $aFLFBC 996 $aGrey in old english$91468018 997 $aUNINA